Cálculo con geometría analítica

Αποθηκεύτηκε σε:
Λεπτομέρειες βιβλιογραφικής εγγραφής
Κύριοι συγγραφείς: Thomas, George Brinton (Συγγραφέας), Finney, Ross L (Συγγραφέας)
Μορφή: Βιβλίο
Γλώσσα:Ισπανικά
Έκδοση: Ciudad de México Addison-Wesley Iberoamericana 1987
Έκδοση:6a. ed
Θέματα:
Ετικέτες: Προσθήκη ετικέτας
Δεν υπάρχουν, Καταχωρήστε ετικέτα πρώτοι!

MARC

LEADER 00000nam a2200000 a 4500
001 UCW0657
003 CL-VaPUC
008 880623e19870000MX |||||||||||||||||spa|d
082 0 4 |a 515.15  |b THO  |2 21 
100 0 |a Thomas, George Brinton  |e author  |9 304553 
700 0 |a Finney, Ross L  |e author  |9 304554 
245 1 0 |a Cálculo con geometría analítica 
250 |a 6a. ed 
300 |a 2 v 
942 |c BK 
945 |d 19880623 00:00:00  |a mfernand 
260 |a Ciudad de México  |b Addison-Wesley Iberoamericana  |c 1987 
650 0 |a Cálculo  |9 260234 
650 0 |a Geometría analítica   |9 260062 
583 |a last modification  |c 20150713 14:25:10  |k Rodrigo Vera 
999 |c 215732  |d 215730 
952 |0 0  |1 0  |4 0  |6 515_150000000000000_THO_1987  |7 0  |8 A  |9 200516  |a BIBMAT  |b BIBMAT  |d 2019-11-14  |h v.1  |i 2677709  |o 515.15 THO 1987  |p 2677709  |r 2025-01-07  |w 2019-11-14  |y BK  |k MAT 
952 |0 0  |1 0  |4 0  |6 515_150000000000000_THO_1987  |7 0  |8 A  |9 200517  |a BIBMAT  |b BIBMAT  |d 2019-11-14  |h v.2  |i 2677717  |o 515.15 THO 1987  |p 2677717  |r 2025-01-07  |w 2019-11-14  |y BK  |k MAT 
952 |0 0  |1 0  |4 0  |6 515_150000000000000_THO_1987  |7 0  |8 A  |9 200518  |a BIBING  |b BIBING  |d 2019-11-14  |h v.1  |i 3213811  |o 515.15 THO 1987  |p 3213811  |r 2023-03-02  |w 2019-11-14  |y BK  |k CCL 
952 |0 0  |1 0  |4 0  |6 515_150000000000000_THO_1987  |7 0  |8 A  |9 200519  |a BIBING  |b BIBING  |d 2019-11-14  |h v.1  |i 321382K  |o 515.15 THO 1987  |p 321382K  |r 2025-01-20  |w 2019-11-14  |y BK  |k CCL 
952 |0 0  |1 0  |4 0  |6 515_150000000000000_THO_1987  |7 0  |8 A  |9 200520  |a BIBING  |b BIBING  |d 2019-11-14  |h v.2  |i 3213846  |l 1  |o 515.15 THO 1987  |p 3213846  |r 2025-01-20  |s 2022-10-20  |w 2019-11-14  |y BK  |k CCL 
952 |0 0  |1 0  |4 0  |6 515_150000000000000_THO_1987  |7 0  |8 A  |9 200521  |a BIBING  |b BIBING  |d 2019-11-14  |h v.2  |i 3213854  |l 1  |o 515.15 THO 1987  |p 3213854  |q 2025-05-15  |r 2025-05-08  |s 2025-05-08  |w 2019-11-14  |y BK  |k CCL 
952 |0 0  |1 0  |4 0  |6 515_150000000000000_THO_1987  |7 0  |8 A  |9 200522  |a BIBING  |b BIBING  |d 2019-11-14  |h v.2  |i 3213870  |o 515.15 THO 1987  |p 3213870  |r 2025-01-20  |w 2019-11-14  |y BK  |k CCL 
952 |0 0  |1 0  |4 0  |6 515_150000000000000_THO_1987  |7 0  |8 A  |9 200524  |a BIBGIM  |b BIBGIM  |d 2019-11-14  |h v.1  |i 4019040  |o 515.15 THO 1987  |p 4019040  |r 2025-01-15  |w 2019-11-14  |y BK  |k GIM 
952 |0 0  |1 0  |4 0  |6 515_150000000000000_THO_1987  |7 0  |8 A  |9 200525  |a BIBGIM  |b BIBGIM  |d 2019-11-14  |h v.2  |i 4019059  |o 515.15 THO 1987  |p 4019059  |r 2025-01-15  |w 2019-11-14  |y BK  |k GIM